| 000 | 00413 a2200145 4500 | ||
|---|---|---|---|
| 001 | 92111 | ||
| 082 | _a338.95106 LIU | ||
| 090 |
_c44075 _d44074 |
||
| 100 | _aSifeng Liu, Zhigeng Fang and Hongxing Shi Benhai Guo | ||
| 245 | _aTheory of Science and Technology Transfer and Applications | ||
| 250 | _a1 | ||
| 260 |
_aUK _bTaylor and Francis Group _c2014 |
||
| 300 |
_a296p. _bHb |
||
| 500 | _aReference Book | ||
| 942 |
_aCAE NUST _k338.95106 LIU |
||
| 999 |
_c327184 _d327184 |
||